000 00837cab a2200277 4500
001 X1433
008 090401t1994 xxu||||| |||| 00| 0 eng d
035 _a(Sirsi) u17077
041 _aeng
245 _aNew guidelines underway on commercial property
260 _c1994
350 _a0
490 _aCSM (Chartered Surveyor Monthly)
_v3(7) April 1994, 17(1)
650 _aADVISORY GUIDELINES FOR COMMERCIAL PROPERTY
650 _aPROPERTY-COMMERCIAL PROPERTY-COMMERCIAL PROPERTY MANAGEMENT
650 _aPROPERTY-COMMERCIAL PROPERTY
650 _aCONSULTATION PAPER
650 _aGUIDANCE
650 _aInsurance
_96249
650 _aMANAGEMENT
650 _aProperty management
_96262
650 _aSKILLS PANEL
690 _aMANAGEMENT-BUSINESS MANAGEMENT-PROFESSIONAL PRACTICE
942 _n0
948 _c04/03/1997
999 _c11316
_d11316